000 00351nam a22001457a 4500
999 _c596
_d596
005 20210906113616.0
008 160511b xxu||||| |||| 00| 0 eng d
041 _aeng
082 _b1337
100 _aSen Leena
_9482
245 _aCommunication Skills
260 _aNew Delhi
_bPrentice hall of India,
_c2007
650 _aManagement
_9241
942 _cBK